Detalles MARC
| 000 -LEADER |
| fixed length control field |
02633nam a22002657a 4500 |
| 003 - CONTROL NUMBER IDENTIFIER |
| control field |
OSt |
| 005 - DATE AND TIME OF LATEST TRANSACTION |
| control field |
20210222175316.0 |
| 008 - FIXED-LENGTH DATA ELEMENTS--GENERAL INFORMATION |
| fixed length control field |
210222s1994 ck a|||jr|||| 00| 0 spa d |
| 020 ## - INTERNATIONAL STANDARD BOOK NUMBER |
| International Standard Book Number |
9589566804 |
| 040 ## - CATALOGING SOURCE |
| Original cataloging agency |
CO-JMCR |
| Transcribing agency |
CO-JMCR |
| 041 0# - LANGUAGE CODE |
| Language code of text/sound track or separate title |
spa |
| 082 04 - DEWEY DECIMAL CLASSIFICATION NUMBER |
| Classification number |
321.807 / |
| Item number |
C697a |
| Edition number |
23 |
| 100 1# - MAIN ENTRY--PERSONAL NAME |
| Personal name |
Collazos, Oscar, |
| Relator term |
autor |
| 9 (RLIN) |
13790 |
| 245 10 - TITLE STATEMENT |
| Title |
Arte y cultura democrática / |
| Statement of responsibility, etc. |
Oscar Collazos, Arturo Guerrero, Santiago García [y 3 más] |
| 260 ## - PUBLICATION, DISTRIBUTION, ETC. |
| Place of publication, distribution, etc. |
Bogotá : |
| Name of publisher, distributor, etc. |
Instituto para el Desarrollo de la Democracia Luis Carlos Galán, |
| Date of publication, distribution, etc. |
1994 |
| 300 ## - PHYSICAL DESCRIPTION |
| Extent |
280 páginas : |
| Other physical details |
ilustraciones a blanco y negro ; |
| Dimensions |
23 cm. |
| 490 0# - SERIES STATEMENT |
| Series statement |
Programa educación para la democracia |
| 500 ## - GENERAL NOTE |
| General note |
Incluye notas a pie de página. |
| 505 0# - FORMATTED CONTENTS NOTE |
| Title |
Liminar / |
| Statement of responsibility |
Oscar Collazos |
| Title |
Periodismo y democracia el rescate del lenguaje y la liberación del sentido / |
| Statement of responsibility |
Arturo Guerrero |
| Title |
Teatro, democracia y pedagogía / |
| Statement of responsibility |
Santiago García |
| Title |
Pensar la democracia / |
| Statement of responsibility |
Darío Botero Uribe |
| Title |
Sobre la Esfinge del Ladino el iconoclasta y los imaginarios / |
| Statement of responsibility |
Gabriel Restrepo |
| Title |
La pluralidad religiosa en Colombia / |
| Statement of responsibility |
Ana María Bidegain |
| 520 3# - SUMMARY, ETC. |
| Summary, etc. |
Una dimensión de la política, el Estado y la cultura, que bien se sintetizan en la fórmula de Estado Social de Derecho, debe penetrar en la vida de la familia y las relaciones cotidianas, en la educación, la ciudad y el trabajo. En el mundo de la vida. Los cambios para desarrollar la democracia se dan en las instituciones: constitución, leyes, planes, gobiernos, congresos... pero no se limitan a ello. Deben acompañarse, combinarse con cambios, reformas en lo social, en lo educativo, en lo cultural, en lo económico, en lo ambiental; en el campo privilegiado de las comunicaciones. No hay justificación para los aplazamientos. Que primero lo económico y luego lo institucional o viceversa. La democracia en su polisemia es combinada, simultánea y compleja, así haya que construir agendas para su cumplimiento.<br/>La presente obra reúne ensayos que, desde seis perspectivas distintas, desde practicas y quehaceres profesionales diversos, apuntan en su propia medida a reflexionar en torno del interrogante con el que se abren sus páginas. En su itinerario, igualmente heterogéneo, se abarcan las relaciones entre enseñanza, arte y democracia, se transita por el periodismo, se indaga por la identidad, se escrutan las ideologías, en fin, se apuesta a la posibilidad de debatir y construir una Cultura Democrática. |
| 650 14 - SUBJECT ADDED ENTRY--TOPICAL TERM |
| Topical term or geographic name entry element |
Democracia |
| Form subdivision |
ensayos, conferencias, etc |
| Geographic subdivision |
Colombia |
| 9 (RLIN) |
13791 |
| 700 1# - ADDED ENTRY--PERSONAL NAME |
| Personal name |
Guerrero, Arturo, |
| Relator term |
autor |
| 9 (RLIN) |
13792 |
| 700 1# - ADDED ENTRY--PERSONAL NAME |
| Personal name |
García, Santiago, |
| Relator term |
autor |
| 9 (RLIN) |
13793 |
| 942 ## - ADDED ENTRY ELEMENTS (KOHA) |
| Source of classification or shelving scheme |
Dewey Decimal Classification |
| Koha item type |
Books |